000 01392nam a22002777a 4500
001 6276
003 FISKH
005 20250513112710.0
008 250408b cb ||||| |||| 00| 0 eng d
020 _a9781618103321
040 _aFISKH
_beng
_cFISKH
_dFISKH
050 _aS8229
082 _a813.6
100 _aSteinkraus, Kyla
245 _aIn the Doghouse /
_cBy Kyla Steinkraus ; Illustrated by Ed Myer
260 _aShenzhen :
_bRourke,
_c2013.
300 _a23 pages :
_bcolor illustrations ;
_c 21 cm
505 _aK
520 _aPeering Out The Window On A Cold, Snowy Day Jonathan Sees Something In The Doghouse In The Backyard. Only It Can't Be His Dog, Gizmo Because He's Safe And Warm Inside The House. As He Investigates He Finds It Is A Rabbit Trying To Stay Warm. He And His Mom Give The Rabbit Some Fruit And Veggies, Only To Discover Each Time They Check There Are More And More Rabbits. As The Snow Melts And Jonathan Goes Out To Check On The Rabbits They Are All Gone. He Was Proud He Had Provided A Nice, Warm Place For Them. Teaching Focus, Words To Know Before You Read, Comprehension And Extension Activities. Inside Front And Back Cover Parent And Teacher Support.
521 8 _a510
_bLexile
521 8 _aK
_bRaz-Plus
650 _aBoy
_vFiction
_xPicture book
700 _aMyer, Ed
_eillustrator
942 _2ddc
_cBK
_n0
999 _c6276
_d6276